Banking (Record no. 22139)

MARC details
000 -LEADER
fixed length control field 01099nam a22003977a 4500
003 - CONTROL NUMBER IDENTIFIER
control field IBSLLIB
005 - DATE AND TIME OF LATEST TRANSACTION
control field 20260515055416.0
008 - FIXED-LENGTH DATA ELEMENTS--GENERAL INFORMATION
fixed length control field 260515b |||||||| |||| 00| 0 eng d
020 ## - INTERNATIONAL STANDARD BOOK NUMBER
International Standard Book Number 0340356227
040 ## - CATALOGING SOURCE
Original cataloging agency IBSLLIB
Language of cataloging English
041 ## - LANGUAGE CODE
Language code of original Eng
082 ## - DEWEY DECIMAL CLASSIFICATION NUMBER
Classification number 332.1
Item number VAL
100 ## - MAIN ENTRY--PERSONAL NAME
Personal name Valentine , Stuart
245 ## - TITLE STATEMENT
Title Banking
260 ## - PUBLICATION, DISTRIBUTION, ETC. (IMPRINT)
Name of publisher, distributor, etc. Hodder & Stoughton ,
Date of publication, distribution, etc. 1976
300 ## - PHYSICAL DESCRIPTION
Extent 244 p ;
Dimensions 21 cm T
505 ## - FORMATTED CONTENTS NOTE
Formatted contents note The qualities and functions of money
505 ## - FORMATTED CONTENTS NOTE
Formatted contents note Bank Account
505 ## - FORMATTED CONTENTS NOTE
Formatted contents note Cheques and bank cards
505 ## - FORMATTED CONTENTS NOTE
Formatted contents note The clearing system
505 ## - FORMATTED CONTENTS NOTE
Formatted contents note Bills of exchanges and other documents
505 ## - FORMATTED CONTENTS NOTE
Formatted contents note Bank advances
505 ## - FORMATTED CONTENTS NOTE
Formatted contents note Borrowers
505 ## - FORMATTED CONTENTS NOTE
Formatted contents note Banking services
505 ## - FORMATTED CONTENTS NOTE
Formatted contents note Banking operations
505 ## - FORMATTED CONTENTS NOTE
Formatted contents note International trading
505 ## - FORMATTED CONTENTS NOTE
Formatted contents note Saving and investing
505 ## - FORMATTED CONTENTS NOTE
Formatted contents note The commercial banking institutions
505 ## - FORMATTED CONTENTS NOTE
Formatted contents note Supervising the banking system
650 ## - SUBJECT ADDED ENTRY--TOPICAL TERM
Topical term or geographic name as entry element Social Science
650 ## - SUBJECT ADDED ENTRY--TOPICAL TERM
Topical term or geographic name as entry element Economics
653 ## - INDEX TERM--UNCONTROLLED
Uncontrolled term Banking
653 ## - INDEX TERM--UNCONTROLLED
Uncontrolled term Money Market
700 ## - ADDED ENTRY--PERSONAL NAME
Personal name Mason , Stan
Relator term Coo Author
942 ## - ADDED ENTRY ELEMENTS (KOHA)
Koha item type Lending Book
Holdings
Withdrawn status Lost status Damaged status Not for loan Collection code Permanent Location Current Location Shelving location Date acquired Source of acquisition Inventory number Full call number Barcode Koha item type
        Lending Collection IBSL Library IBSL Library Lending Section 30/04/2026 Donation 10850 332.1 VAL 10850 Lending Book
Copyright © 2024 IBSL Library, All rights reserved.
mail to: library@ibsl.lk | Contact: 0112425735 | Library Address: IBSL Library, 80A, Elvitigala Mawatha, Colombo 008